000 00854nam1a22002531 4500
001 v19\rc\1961817
005 20260406215643.0
035 _a(NLR Aleph) 005045514
090 _a6839014
_c6839014
100 _a20251123 rusy50
101 0 _arus
102 _aRU
105 _ay z |||||
200 1 _aСмета прихода и расхода Томского добровольного пожарного общества...
210 _aТомск
_d[1913]-[1916]
215 _d22
710 0 2 _aТомское добровольное пожарное о-во
_3RU\NLR\AUTH\889973803
_9444345
801 0 _aRU
_bNLR
_gpsbo
801 0 _aRU
_bRuMoRGB
_2psbo
801 1 _aRU
_bProSoft-M
_2rusmarc
852 _aNLR
_jШифры разные
_y(1913-1914, 1916)
899 _aRuMoRGB
_jV 317/30
_y(1913-1914, 1916)
942 _cBOOK
980 _aNB